00370pab a2200133 454500008004000000100001700040245007600057260000900133300001300142362001000155650002100165700001600186773003400202180718b2015 xxu||||| |||| 00| 0 eng d aPathak, K.N. aRespondent, a key factor in national-level surveys: an analysis (notes) c2015 ap.71-74. a3 Oct aStatistical data aTomar, J.S. aEconomic and Political Weekly